000 01030ntm a22003737a 4500
005 20241119193923.0
008 160203b xxu||||| |||| 00| 0 spa d
020 _a9789506417635
041 _aEspañol
082 _a658.3 SCH399a
100 _aSchwartz, Tony
_92824
100 _aGomes, Jean
_92825
100 _aMcCarthy, Catherine
_92826
245 _aLa anti-productividad: así como estamos funcionando no esta funcionando
260 _aArgentina
260 _bGranica
260 _c2013
300 _a383 páginas
650 _aADMINISTRACIÓN DE PERSONAL
650 _aINDUSTRIAL MANAGEMENT
650 _aADMINISTRACIÓN DE RECURSOS HUMANOS
650 _aADMINISTRACIÓN DE EMPRESAS
650 _aNUEVA MANERA DE TRABAJAR
650 _aSOSTENIBILIDAD
650 _aSEGURIDAD
650 _aPERSONALIDAD
650 _aANTI-PRODUCTIVIDAD
650 _aCOMPETITIVIDAD
650 _aMOTIVACIÓN
650 _aALTO DESEMPEÑO
650 _aINNOVACIÓN
942 _cBK
_2ddc
999 _c7601
_d7601